A Dictionary of socialogy (Record no. 5254)

000 -LEADER
fixed length control field 00276nam a2200109Ia 4500
008 - FIXED-LENGTH DATA ELEMENTS--GENERAL INFORMATION
fixed length control field 200302s9999 xx 000 0 und d
100 ## - MAIN ENTRY--PERSONAL NAME
Personal name John Scott and Gordon Marshall
245 ## - TITLE STATEMENT
Title A Dictionary of socialogy
260 ## - PUBLICATION, DISTRIBUTION, ETC.
Name of publisher, distributor, etc. oxford University Press
260 ## - PUBLICATION, DISTRIBUTION, ETC.
Date of publication, distribution, etc. 2009
300 ## - PHYSICAL DESCRIPTION
Extent 816
Holdings
Withdrawn status Lost status Source of classification or shelving scheme Damaged status Not for loan Permanent Location Current Location Date acquired Cost, normal purchase price Total Checkouts Full call number Barcode Date last seen Date last checked out Price effective from Koha item type Public note
          BMS College of Architecture, Design and Planning BMS College of Architecture, Design and Planning 2020-03-03 310.00 1 301.03 CL-PG20544 2025-07-14 2025-07-14 2020-03-03 PG Books from CL S-10
Copyright © 2025, The Librarian, Library and Information Centre, BMSCA D&P, Bengaluru. All Rights Reserved
web counter

Powered by Koha